Property searches (Record no. 118422)

MARC details
000 -LEADER
fixed length control field 01138cam a2200205 4500
001 - CONTROL NUMBER
control field WB@3612-681
008 - FIXED-LENGTH DATA ELEMENTS--GENERAL INFORMATION
fixed length control field 041209n2004 000 0 eng u
035 ## - SYSTEM CONTROL NUMBER
System control number (Sirsi) u128257
245 ## - TITLE STATEMENT
Title Property searches
260 ## - PUBLICATION, DISTRIBUTION, ETC.
Date of publication, distribution, etc. 2004
490 ## - SERIES STATEMENT
Series statement OFT Press Release
Volume/sequential designation (201/04) 8 December 2004 (2)
520 ## - SUMMARY, ETC.
Summary, etc. The OFT is to study the property search sector. They have received complaints from property search companies about difficulties in accessing property information from information holders - each of which has a statutory monopoly over the information that they hold - and about competition in the market as a whole. The OFT's study will focus on how consumers' needs are met in terms of how much information is collected, access to information, charges for this information, the structure of the market and regulation of the electronic gateway. The OFT aims to complete the study in summer 2005. For further details see the website. http://www.oft.gov.uk
590 ## - LOCAL NOTE (RLIN)
Local note WB
590 ## - LOCAL NOTE (RLIN)
Local note WB
650 ## - SUBJECT ADDED ENTRY--TOPICAL TERM
Topical term or geographic name entry element PROPERTY SEARCHES
650 ## - SUBJECT ADDED ENTRY--TOPICAL TERM
Topical term or geographic name entry element CONVEYANCING
650 ## - SUBJECT ADDED ENTRY--TOPICAL TERM
Topical term or geographic name entry element HOMEBUYERS
690 ## - LOCAL SUBJECT ADDED ENTRY--TOPICAL TERM (OCLC, RLIN)
Topical term or geographic name as entry element PROPERTY AND LAND LAW
942 ## - ADDED ENTRY ELEMENTS (KOHA)
Suppress in OPAC 0
Holdings
Withdrawn status Lost status Source of classification or shelving scheme Damaged status Not for loan Home library Current library Shelving location Date acquired Total Checkouts Full call number Barcode Date last seen Copy number Price effective from Koha item type
    Dewey Decimal Classification     London London News article 09/12/2004   WB4047-12 128257-1001 06/08/2019 1 06/08/2019 News article